(40) - 50 villes les plus peuplées des Landes (40) - Statistiques

Statistiques générales
  • Ce quiz a été pris 7 fois
  • Le résultat moyen est 15 sur 50
Statistiques - réponses
nombre d'habitant ville % Correct
22 109 Dax
100%
31 592 Mont-de-Marsan
100%
15 836 Biscarrosse
86%
7 673 Mimizan
71%
9 184 Capbreton
57%
7 586 Parentis-en-Born
57%
3 817 Soorts-Hossegor
57%
8 701 Soustons
57%
6 211 Aire-sur-l'Adour
43%
2 516 Castets
43%
1 990 Roquefort
43%
14 481 Saint-Paul-lès-Dax
43%
12 957 Tarnos
43%
3 169 Tartas
43%
2 508 Villeneuve-de-Marsan
43%
2 398 Grenade-sur-l'Adour
29%
4 624 Hagetmau
29%
1 894 Hinx
29%
7 183 Labenne
29%
2 906 Labouheyre
29%
2 306 Léon
29%
2 036 Mées
29%
5 022 Morcenx-la-Nouvelle
29%
6 533 Ondres
29%
3 700 Peyrehorade
29%
3 142 Rion-des-Landes
29%
10 092 Saint-Pierre-du-Mont
29%
5 043 Saint-Sever
29%
3 402 Saint-Vincent-de-Paul
29%
8 014 Saint-Vincent-de-Tyrosse
29%
2 338 Ychoux
29%
3 780 Bénesse-Maremne
14%
1 913 Benquet
14%
2 698 Magescq
14%
3 387 Narrosse
14%
3 021 Pontonx-sur-l'Adour
14%
3 134 Pouillon
14%
1 945 Saint-André-de-Seignanx
14%
1 840 Saint-Jean-de-Marsacq
14%
1 808 Saint-Martin-de-Hinx
14%
6 238 Saint-Martin-de-Seignanx
14%
1 732 Saint-Perdon
14%
4 741 Sanguinet
14%
4 056 Seignosse
14%
3 556 Tosse
14%
2 277 Angresse
0%
1 775 Pontenx-les-Forges
0%
3 089 Saint-Geours-de-Maremne
0%
1 781 Saint-Julien-en-Born
0%
1 826 Saubion
0%
Aucun quiz correspondant
Distribution des résultats
% des personnes avec chaque résultat
Percentile par nombre de réponses
Votre historique - résultats
Vous n’avez pas pris ce quiz